Jaki Może Być Uśmiech? - Statystyki

Ogólne statystyki
  • Ten quiz został rozwiązany 191 razy
  • Średni wynik to 2 z 7
Statystyki odpowiedzi
Odpowiedzi % Poprawnych
Szczery
91%
Szeroki
66%
Wymuszony
19%
Złośliwy
17%
Promienny
13%
Ciepły
9%
Zniewalający
7%
Nie znaleziono quizów pasujących do podanych kryteriów
Rozkład punktacji
Procent ludzi z każdym wynikiem
Percentyl według liczby udzielonych odpowiedzi
Twoja historia wyników
Nie rozwiązałeś tego quizu